Districts of the Democratic Republic of the Congo Quiz Stats

 Plays Quiz not verified by Sporcle

Score 0/33 Timer 12:00
0 Plays Today
% Correct
Nord-Kivu
96.5%
Sud-Kivu
96.5%
Kasaï
91.3%
Équateur
90.1%
Bas-Uele
86.6%
Maniema
85.5%
Tshilenge
84.9%
Haut-Uele
84.3%
Tshopo
83.7%
Ituri
83.1%
Tanganyika
83.1%
Nord-Ubangi
82%
Lulua
82%
Sud-Ubangi
81.4%
Lualaba
80.8%
Tshuapa
80.2%
Kwilu
79.1%
% Correct
Kwango
77.3%
Haut-Katanga
77.3%
Kabinda
76.2%
Haut-Lomami
76.2%
Sankuru
75%
Mongala
74.4%
Plateaux
71.5%
Mai-Ndombe
71.5%
Bas-Fleuve
69.2%
Cataractes
68.6%
Funa
65.7%
Mont Amba
64%
Tshangu
61.6%
Lukaya
59.3%
Kolwezi
57.6%
Lukunga
45.9%

You're not logged in!

Compare scores with friends on all Sporcle quizzes.
OR
Log In

You Might Also Like...

Show Comments

Extras

Top Quizzes Today


Score Distribution

Your Account Isn't Verified!

In order to create a playlist on Sporcle, you need to verify the email address you used during registration. Go to your Sporcle Settings to finish the process.

Report this User

Report this user for behavior that violates our Community Guidelines.

Details: